000 00478cam a2200193ua 4500
001 2476
005 20260515113514.0
008 110823n ii |||gr||||Z||||||asm
040 _cMAIN
082 _a398.054162
100 1 _aBaruah, Birinchi Kr.,
245 1 _aAsamar loka sanskriti
_cby Birinchi kr. Baruah
250 _a8th.
260 _aGuahati:
_bBina library,
_c2005.
300 _a319p:
_bill;
_c23cm.
653 _aFolklore
653 _aAssamese culture
942 _cBK
999 _c2329
_d2329